| Tag |
First Indicator |
Second Indicator |
Subfields |
| LEADER |
00000cam a22000005u 4500 |
| 001 |
in00002787037 |
| 005 |
20190331170709.0 |
| 006 |
m o d |
| 007 |
cr nn 008mam|a |
| 008 |
080402t2008 gw fo || 0 0 ||||| |
| 020 |
|
|
|a 9780784409787
|
| 035 |
|
|
|a (American Society of Civil Eng)10.1061/9780784409787
|
| 040 |
|
|
|d UtOrBLW
|
| 245 |
0 |
0 |
|a Solutions to Coastal Disasters 2008 :
|b Tsunamis /
|c Edited by Louise Wallendorf, Lesley Ewing, Chris Jones, Bruce Jaffe.
|
| 264 |
|
1 |
|a Reston, VA :
|b American Society of Civil Engineers,
|c 2008.
|
| 300 |
|
|
|a 1 online resource.
|
| 336 |
|
|
|a text
|b txt
|2 rdacontent
|
| 337 |
|
|
|a computer
|b c
|2 rdamedia
|
| 338 |
|
|
|a online resource
|b cr
|2 rdacarrier
|
| 500 |
|
|
|a Electronic resource.
|
| 653 |
|
|
|a Proceedings
|a Coasts, Oceans, Ports, and Rivers Institute (COPRI)
|a Coastal engineering
|a Earthquakes and tsunamis
|a Hurricanes and floods
|a Preparedness and mitigation
|
| 655 |
|
7 |
|a Electronic books.
|2 local
|
| 700 |
1 |
|
|a Wallendorf, Louise.
|
| 700 |
1 |
|
|a Ewing, Lesley.
|
| 700 |
1 |
|
|a Jones, Chris.
|
| 700 |
1 |
|
|a Jaffe, Bruce.
|
| 730 |
0 |
|
|a ASCE Library.
|
| 856 |
4 |
0 |
|u http://proxy.library.tamu.edu/login?url=http://ascelibrary.org/action/showBook?doi=10.1061%2F9780784409787
|z Connect to the full text of this electronic book
|t 0
|
| 999 |
|
|
|a MARS
|
| 999 |
f |
f |
|s 2e2ea903-6383-390e-aa75-dcb3d08a3ccc
|i 3add6a22-c1b0-308f-98d6-334c6458f45d
|t 0
|
| 952 |
f |
f |
|a Texas A&M University
|b College Station
|c Electronic Resources
|d Available Online
|t 0
|h No information provided
|
| 998 |
f |
f |
|t 0
|l Available Online
|